000 00777nas a2200265 4500
001 BR2016003748
003 BR-BrBNA
005 20231205130607.0
007 ta
008 230509b bl.|||p| |||| 00| 00por d
040 _aBR-BrBNA
_bpor
_cBiblioteca Nacional de Agricultura
041 _a(Pt)
072 _aQ03
100 1 _aSilva, W. de L.
100 1 _aMedeiros, R.A.B. de
100 1 _aPires, E.M.F.
245 1 _aEficiência do cloro para sanitização de hortaliças
650 _aHORTALIÇA
650 _aCOLIFORME
650 _aCLORO
650 _aHIGIENE DE ALIMENTO
773 0 _tHigiene Alimentar (Brazil)
_xISSN 0101-9171
_g(May-Jun 2016), v. 30(256-257) p. 132-136
_wBR2016003748
909 _a202311
_bLúcia
_c55
_dLúcia Elande
942 _2AGRIS
_n0
_cANA
999 _c250247
_d250247